01960nam a22001817a 4500003000400000005001700004008004100021082001900062100003500081245007300116250001800189260004700207300006600254490002600320520120800346650018801554700003601742OSt20260401102359.0260401b |||||||| |||| 00| 0 SPA d 2 9978-32-230-2 aSegundo Marco Tipán Umatambo aEnciclopedia: Fechas cívicas y festividades populares del Ecuador. a3ra edición aMadrid/EcuadorbCultural S.Ac 2007 y 2009 b400 a 500 páginasc21 x 28 cmeContenido Visual,Apéndices 3Rústica o tapa dura aEsta enciclopedia es una obra de referencia diseñada principalmente para el ámbito educativo y cultural del Ecuador. Su contenido se organiza en dos grandes ejes: 1. Fechas Cívicas (Efemérides) El libro recorre el calendario republicano del Ecuador, detallando los hitos históricos que dieron forma a la nación: Independencias: Relatos sobre el 10 de Agosto, la Batalla del Pichincha y las independencias locales (Guayaquil, Cuenca, etc.). Símbolos Patrios: Historia y significado del Himno, el Escudo y la Bandera Nacional. Personajes Históricos: Biografías de próceres, presidentes y figuras relevantes en la política y educación. Institucionalidad: Creación de provincias, cantones y organismos del Estado. 2. Festividades Populares y Tradiciones Analiza la identidad cultural a través de las celebraciones que mezclan lo religioso con lo ancestral: Fiestas Mayores: La Mama Negra (Latacunga), el Inti Raymi (Andes), el Carnaval de Guaranda y la Diablada Pillareña. Folclore y Costumbres: Descripción de danzas, vestimentas típicas y la gastronomía asociada a cada celebración. Calendario Religioso: Procesiones y ritos como la Semana Santa o el Pase del Niño. aEcuador — Historia — Diccionarios y enciclopedias.xFechas cívicas — Costumbres y tradiciones — Fiestas populares. Subdivisión geográfica: Ecuador.ySiglo XXI zECUADOR  aSegundo Marco Tipán Umatambo.